| 000 | 01010nam a2200313 a 4500 | ||
|---|---|---|---|
| 001 | vtls001620159 | ||
| 003 | NLI | ||
| 005 | 20210628134015.0 | ||
| 008 | 121214n ii 000 1 asm | ||
| 020 | _cRs. 4.00 | ||
| 039 | 9 |
_y201212141945 _zVLOAD |
|
| 040 |
_aNLI _basmeng _cDatasoft_Assamese _eAACR2 |
||
| 041 | 0 | _aasm | |
| 044 | _a ii | ||
| 082 | 0 | 4 | _a 891.493 |
| 100 | 1 |
_6880-01 _aবৰপূজাবী, যদু |
|
| 245 | 1 | 0 |
_6880-02 _aসঙ্গীতা / _cযদু বৰপূজাবী |
| 260 |
_a[S.l. : _bs.n., _cn.d.] |
||
| 300 |
_a72 p. ; _c22 cm. |
||
| 650 | 0 |
_aAssamese fiction _9678390 |
|
| 880 |
_6100-01(B _aBarapūjābī, Yadu |
||
| 880 | 1 | 0 |
_6245-02(B _aSaṅgītā / _cYadu Barapūjābī |
| 887 | _a Sujit Biswas 05.06.2012 (Sumit Kumar Das) | ||
| 901 |
_a4160 _b22.06.1976 |
||
| 902 | _aA 891.493 B 6825 su | ||
| 904 |
_cSujit Biswas 05.06.2012 (Sumit Kumar Das) _lA 8550 |
||
| 949 |
_AVIRTUAITEM _D10000 _X100 _6DBA000004160ASM |
||
| 942 |
_2ddc _cBKS |
||
| 999 |
_aVIRTUA40 _c1069792 _d1069792 |
||